|
|
|
|
| LEADER |
01409nam a22003137a 4500 |
| 001 |
34616 |
| 003 |
BD-DhAAL |
| 005 |
20190704161324.0 |
| 008 |
190704t2019 bg a|||| |||| 00| 0 eng d |
| 999 |
|
|
|c 40881
|d 40881
|
| 020 |
|
|
|a 9789843461728
|
| 040 |
|
|
|a BD-DhAAL
|
| 041 |
|
|
|a eng
|
| 082 |
|
|
|a 720.95492
|2 21
|
| 245 |
|
|
|a Folio 2 arch week 2019 /
|c editorial panel Zainab Faruqui Ali [et..al],
|
| 260 |
|
|
|a Dhaka :
|b Department of Architecture, BRAC University Press,
|c 2019
|
| 300 |
|
|
|a 100 pages :
|b illustrations ;
|c 17 cm.
|
| 526 |
|
|
|a AAL
|
| 541 |
|
|
|a Complimentary Copy by Architecture Department
|e 34161, 34162
|
| 650 |
|
|
|a Architecture
|z Bangladesh
|x Designs and plans
|x Exhibitions
|9 32812
|
| 700 |
|
|
|a Ali, Faruqui Zainab
|9 32813
|
| 700 |
|
|
|a Mallick, Fuad H.
|9 32814
|
| 700 |
|
|
|a Ahmed, Iftekhar
|9 32815
|
| 700 |
|
|
|a Meghna, Saiqa Iqbal
|9 32816
|
| 700 |
|
|
|a Islam, Mohaimeen
|9 32817
|
| 852 |
|
|
|a Ayesha Abed Library
|c General Stacks
|
| 942 |
|
|
|2 ddc
|c BK
|
| 952 |
|
|
|0 0
|1 0
|2 ddc
|4 0
|6 720_954920000000000_FOL
|7 0
|9 65611
|a BRACUL
|b BRACUL
|c GEN
|d 2019-07-04
|e Complimentary Copy by Department of Architecture
|l 6
|m 79
|o 720.95492 FOL
|p 3010034616
|r 2025-08-21
|s 2025-02-12
|t 1
|w 2019-07-04
|y BK
|
| 952 |
|
|
|0 0
|1 0
|2 ddc
|4 0
|6 720_954920000000000_FOL
|7 0
|9 65612
|a BRACUL
|b BRACUL
|c GEN
|d 2019-07-04
|e Complimentary Copy by Department of Architecture
|l 6
|m 39
|o 720.95492 FOL
|p 3010034617
|r 2025-07-07
|s 2025-06-23
|t 1
|w 2019-07-04
|y BK
|